L'ús de la bicicleta als espais naturals protegits : Consells de seguretat i protecció / Consells de seguretat i protecció /
Descripción Física:
1 díptic ; il. col. ; 10 x 21 cm
Idioma:
Catalán
MARC
| LEADER | 00000nam a22000007a 4500 | ||
|---|---|---|---|
| 001 | 27519 | ||
| 003 | Arxiu | ||
| 005 | 20260324181155.0 | ||
| 008 | 230314b spa||||| |||| 00| 0 cat d | ||
| 017 | |a B 19965-2021 | ||
| 040 | |a agdb |b cat | ||
| 110 | 1 | |9 7250 |a Barcelona (Catalunya : Província). |b Xarxa de Parcs Naturals | |
| 245 | |a L'ús de la bicicleta als espais naturals protegits : |b Consells de seguretat i protecció / |c Xarxa de Parcs Naturals | ||
| 260 | |a Barcelona : |b Diputació de Barcelona ; |c 2021 | ||
| 300 | |a 1 díptic ; |b il. col. ; |c 10 x 21 cm | ||
| 650 | 0 | |9 55972 |a Cicloturisme | |
| 650 | 0 | |2 Arxiu |9 49247 |a Educació viària | |
| 650 | 0 | |9 40664 |a Natura |x Protecció | |
| 710 | 1 | |9 52730 |a Barcelona (Catalunya : Província). |b Gerència de Serveis d’Espais Naturals | |
| 942 | |2 udc |c ARXIU |n 1 | ||
| 952 | |0 0 |1 0 |2 udc |4 0 |6 FU74146 |7 1 |9 65610 |a Arxiu |b Arxiu |d 2023-03-14 |l 0 |o FU-74-146 |p 27519 |r 2023-03-14 00:00:00 |w 2023-03-14 |y ARXIU | ||
| 999 | |c 83190 |d 83190 | ||